书目信息 |
| 题名: |
无机化学中的一些热力学问题
|
|
| 作者: | 杨德壬 编译 | |
| 分册: | ||
| 出版信息: | 上海 上海科学技术出版社 1986.09 |
|
| 页数: | 340页 | |
| 开本: | 19cm | |
| 丛书名: | ||
| 单 册: | ||
| 中图分类: | O642.1 | |
| 科图分类: | ||
| 主题词: | 物理化学 , 量子化学 | |
| 电子资源: | ||
| ISBN: | ||
| 000 | 00615nam0 2200217 45 | |
| 001 | 0405200950 | |
| 005 | 20040915100410.6 | |
| 010 | @dCNY2.25 | |
| 091 | @a13119.1291 | |
| 100 | @a20040520d1986 km y0chiy0120 ea | |
| 101 | 0 | @achi |
| 105 | @a z 000yy | |
| 200 | 1 | @a无机化学中的一些热力学问题@AWu Ji Hua Xue Zhong De Yi Xie Re Li Xue Wen Ti@f杨德壬编译@FYang De Ren Bian Yi |
| 210 | @a上海@c上海科学技术出版社@d1986.09 | |
| 215 | @a340页@d19cm | |
| 606 | 0 | @a物理化学 |
| 606 | 0 | @a量子化学 |
| 690 | @aO642.1@v3 | |
| 701 | 0 | @a杨德壬@4编译 |
| 801 | @aCN@bPftUser@c20040520 | |
| 905 | @dO642.1@e26@f1@b166284 | |
| 无机化学中的一些热力学问题/杨德壬编译.-上海:上海科学技术出版社,1986.09 |
| 340页;19cm |
| ISBN :CNY2.25 |
| ● |
| 相关链接 |
|
|
|
|
正题名:无机化学中的一些热力学问题
索取号:O642.1/26
 
预约/预借
| 序号 | 登录号 | 条形码 | 馆藏地/架位号 | 状态 | 备注 |
| 1 | 0166284 | 001956379 | 第三借阅区/ [索取号:O642.1/26] | 在馆 | |
| 2 | 0166285 | 000342141 | 密集书库/ [索取号:O642.1/26] | 在馆 | |
| 3 | 0166286 | 001954380 | 第三借阅区/ [索取号:O642.1/26] | 在馆 | |
| 4 | 0166287 | 000342123 | 密集书库/ [索取号:O642.1/26] | 在馆 | |
| 5 | 0166288 | 000342132 | 第二样本阅览室/ [索取号:O642.1/26] | 在馆 |